000 00414 a2200169 4500
001 133301
020 _a0-7853-0699-4
040 _cLeonardo Da Vinci
041 _aInglês
082 _aIJ S896s
_bS896s
245 _aStreet Fighter II
260 _bCapcom
_c1994
_aEstados Unidos
362 _a19940000
500 _aJeff Rebner (Ilustração)
697 _aLiteratura infantil
_aEstados Unidos
942 _cBK
999 _c133301
_d133301